00146nam a2200061Ia 4500008004100000100002300041245002000064120527s9999 xx 000 0 und d aFannes, A.E. Roger aMacro Economics